000 00473nam a22001457a 4500
005 20260108094448.0
008 260108b |||||||| |||| 00| 0 eng d
020 _a0789788554240
100 _aEmegha Ndubuisi,k
245 _aThemes and Methods in Defense and Security studies:
_bEssays in honour of Rear Admiral Godwin Ndubuisi Kanu/
_cEmegha Ndubuisi,K.
260 _aAwka-NIGERIA.
_bFAB EDUCATIONAL BOOKS,
_c20222
300 _c22.8cm
500 _akku library
942 _2lcc
999 _c106
_d106